Biggest College Football Stadiums - Statistics

General Stats
  • This quiz has been taken 23 times
  • The average score is 10 of 50
Answer Stats
Capacity Conf. Stadium % Correct
107,600 Big Ten Michigan Stadium
72%
102,780 Big Ten Ohio Stadium
67%
102,321 SEC Tiger Stadium
61%
106,572 Big Ten Beaver Stadium
56%
102,733 SEC Kyle Field
56%
100,077 SEC Bryant-Denny Stadium
50%
89,702 Big Ten Rose Bowl
50%
85,458 Big Ten Memorial Stadium
44%
60,570 Big Ten Memorial Stadium
44%
101,915 SEC Neyland Stadium
39%
93,033 SEC Sanford Stadium
39%
88,043 SEC Jordan-Hare Stadium
33%
76,057 Big Ten Camp Randall Stadium
28%
67,277 ACC Doak Campbell Stadium
28%
64,767 ACC Hard Rock Stadium
28%
77,559 SEC Williams-Brice Stadium
28%
88,548 SEC Ben Hill Griffin Stadium
22%
70,083 Big Ten Husky Stadium
22%
80,795 Ind. Notre Dame Stadium
22%
80,126 SEC Gaylord Family Oklahoma Memorial Stadium
17%
69,250 Big Ten Kinnick Stadium
17%
74,866 Big Ten Spartan Stadium
17%
64,038 SEC Vaught-Hemingway Stadium
17%
55,000 ACC Bobby Dodd Stadium
11%
55,509 Big 12 Boone Pickens Stadium
11%
58,000 ACC Carter-Finley Stadium
11%
81,500 ACC Clemson Memorial Stadium
11%
92,100 SEC* Cotton Bowl
11%
100,119 SEC Darrell K Royal Stadium
11%
61,337 SEC Davis Wade Stadium
11%
77,500 Big Ten LA Memorial Coliseum
11%
71,594 AAC Legion Field
11%
61,446 Ivy Yale Bowl
11%
64,000 AAC Alamodome
6%
61,620 SEC Faurot Field
6%
60,229 Big 12 Jones AT&T Stadium
6%
61,306 SEC Kroger Field
6%
63,470 Big 12 LaVell Edwards Stadium
6%
58,325 AAC Liberty Bowl
6%
61,441 Big Ten Ross-Ade Stadium
6%
62,467 ACC California Memorial Stadium
0%
60,800 ACC Cardinal Stadium
0%
76,212 SEC Donald W. Reynolds Stadium
0%
61,500 Big 12 Jack Trice Stadium
0%
65,632 ACC Lane Stadium
0%
60,000 Big 12 Milan Puskar Stadium
0%
60,492 SWAC Mississippi Veterans Memorial Stadium
0%
61,500 ACC Scott Stadium
0%
56,634 Big 12 Sun Devil Stadium
0%
54,120 Sun Belt War Memorial Stadium
0%
No matching quizzes found
Score Distribution
Percent of People with Each Score
Percentile by Number Answered
Your Score History
You have not taken this quiz